01005nam a2200253 i 45000010005000000030009000050050017000140070003000310080041000340200018000750800015000932450092001082500012002002600150002123000030003624900053003925000014004455040020004596510078004797000035005577100072005928300053006648520034007175491ES-MaACL20250811083036.0t|880919s1987 sp a |||| | spa d a84-505-7150-2 a903(463.5)03aLa cueva de Peña Miel b: Nieva de Cameros, La Rioja / cPilar Utrilla ... [et al.]. a1ª ed. aMadrid : bMinisterio de Cultura, Dirección General de Bellas Artes y Archivos, Subdirección General de Arqueología y Etnografía, c1987. a116 p. : bil. ; c29 cm.1 aExcavaciones arqueológicas en España ; v154 aÍndice. aBibliografía. 4aLa Rioja (Comunidad Autónoma)-xRestos arqueológicos prehistóricos.1 aUtrilla Miranda, Pilar,d1951-1 aEspaña. bSubdirección General de Arqueología y Etnografía.0 aExcavaciones arqueológicas en España ; v154 aES-MaACLjL-12175 z. - Rust.